| 000 | 00444nam a2200157Ia 4500 | ||
|---|---|---|---|
| 008 | 210716s2006 xx 000 0 und d | ||
| 020 | _a013144168X | ||
| 041 | _aeng | ||
| 082 | _a658.406 BROD | ||
| 100 | _aBrown, Donald R;Harvey, Don. | ||
| 245 | _aExperiential approach to organization development. | ||
| 250 | _a7 | ||
| 260 |
_aNew Jersy _bPearson Education _c2006 |
||
| 300 | _axxiv,502 | ||
| 650 | _aOrganizational Development & Change | ||
| 999 |
_c203038 _d203038 |
||